Diocles of Carystus. a collection of the fragments with translation and commentary / Vol. 2, Commentary :
Diocles of Carystus (4th century BCE), also known as \'the younger Hippocrates\', was one of the most prominent medical authorities in antiquity. He wrote extensively on a wide range of areas such as anatomy, physiology, pathology, therapeutics, embryology, gynaecology, dietetics, foods an...
المؤلف الرئيسي:
مؤلفون آخرون:
التنسيق: كتاب الكتروني
اللغة: English
منشور في:
Leiden :
Brill,
2001.
سلاسل:
Studies in Ancient Medicine
23.
Studies in Ancient Medicine Online, ISBN: 9789004380813.
الموضوعات:
الوصول للمادة أونلاين: Login to view Source
الوسوم: إضافة وسم
رقم الطلب: R126.A1C6 D56 2001
| LEADER | 04097cam a2200493Ii 4500 | ||
|---|---|---|---|
| 001 | BRILL9789004377509 | ||
| 003 | nllekb | ||
| 005 | 20230529212035.0 | ||
| 006 | m d | ||
| 007 | cr un uuuua | ||
| 008 | 010919s2001 ne sb 001 0 eng d | ||
| 020 | |a 9789004377509 |q (electronic book) | ||
| 020 | |z 9789004120129 |q (print) | ||
| 024 | 7 | |a 10.1163/9789004377509 |2 DOI | |
| 035 | |a (OCoLC)971124303 | ||
| 040 | |a NL-LeKB |c NL-LeKB |e rda | ||
| 050 | 4 | |a R126.A1C6 |b D56 2001 | |
| 072 | 7 | |a HBLA1 |2 bicssc | |
| 072 | 7 | |a HIS039000 |2 bisacsh | |
| 082 | 0 | 4 | |a 610.938 |2 23 |
| 100 | 0 | |a Diocles, |c of Carystus. | |
| 245 | 1 | 0 | |a Diocles of Carystus. |n Vol. 2, |p Commentary : |b a collection of the fragments with translation and commentary / |c edited by Philip J. van der Eijk ; by Philip J. van der Eijk. |
| 264 | 1 | |a Leiden : |b Brill, |c 2001. | |
| 300 | |a 1 online resource (489 pages) | ||
| 336 | |a text |b txt |2 rdacontent | ||
| 337 | |a computer |b c |2 rdamedia | ||
| 338 | |a online resource |2 rdacarrier | ||
| 490 | 1 | |a Studies in ancient medicine ; |v 23 | |
| 500 | |a Includes index. | ||
| 504 | |a Includes bibliographical references (p. 429-452). | ||
| 505 | 0 | 0 | |t Preliminary Material / |r Philip J. van der Eijk -- |t Life, chronology, reputation (frs. 1-12) / |r Philip J. van der Eijk -- |t General approach to medicine, methodology (frs. 13-16) / |r Philip J. van der Eijk -- |t Anatomy (frs. 17-24) / |r Philip J. van der Eijk -- |t Physiology (frs. 25-39) / |r Philip J. van der Eijk -- |t Theory of reproduction, embryology (frs. 40-48) / |r Philip J. van der Eijk -- |t Diseases / |r Philip J. van der Eijk -- |t Specific therapeutic measures (frs. 145-167) / |r Philip J. van der Eijk -- |t Gynaecology (frs.168-175) / |r Philip J. van der Eijk -- |t Dietetics and regimen in health (frs. 176-186) / |r Philip J. van der Eijk -- |t Foods, drinks and herbs (frs. 187-238) / |r Philip J. van der Eijk -- |t Various topics (frs. 239-241) / |r Philip J. van der Eijk -- |t Some texts attributed to Diocles but not included in this collection / |r Philip J. van der Eijk -- |t Abbreviations / |r Philip J. van der Eijk -- |t Bibliography / |r Philip J. van der Eijk -- |t General index to introduction and commentary / |r Philip J. van der Eijk -- |t Index of passages cited / |r Philip J. van der Eijk -- |t Addenda et corrigenda to Volume One / |r Philip J. van der Eijk -- |t Studies in Ancient Medicine / |r Philip J. van der Eijk. |
| 506 | |a Available to subscribing member institutions only. | ||
| 520 | |a Diocles of Carystus (4th century BCE), also known as \'the younger Hippocrates\', was one of the most prominent medical authorities in antiquity. He wrote extensively on a wide range of areas such as anatomy, physiology, pathology, therapeutics, embryology, gynaecology, dietetics, foods and poisons. In his writings, he betrays strong philosophical influence, and his views present striking connections with the Hippocratic Corpus, Plato, Aristotle and Theophrastus. The study of Diocles' ideas has long been hampered by the absence of a reliable collection of the remaining evidence. This book presents and discusses all the fragments and testimonies to Diocles' views. Following on from the first volume, which presented the Greek, Latin and Arabic sources with facing English translation, the second volume provides a commentary on the fragments and places them in their intellectual context. | ||
| 559 | 4 | |a R126.A1C6 D56 2001 | |
| 650 | 0 | |a Medicine, Greek and Roman. | |
| 650 | 7 | |a Medicine, Greek and Roman. |2 fast | |
| 700 | 1 | |a Eijk, Ph. J. van der |q (Philip J.) | |
| 776 | 0 | 8 | |i Print version: |t Diocles of Carystus. Volume 2, Commentary: A Collection of the Fragments with Translation and Commentary |d Leiden, Boston : BRILL, 2001, |z 9789004120129 |
| 830 | 0 | |a Studies in Ancient Medicine |v 23. | |
| 830 | 0 | |a Studies in Ancient Medicine Online, ISBN: 9789004380813. | |
| 856 | 4 | |z DOI: |u http://dx.doi.org/10.1163/9789004377509 | |
| 942 | |2 lcc |c EBOOK | ||
| 952 | |0 0 |1 0 |2 lcc |4 0 |6 R0126 A1 C6 D56 02001 |7 1 |9 48636 |a BRILL |b BRILL |d 2023-05-29 |l 0 |o R126.A1C6 D56 2001 |r 2023-05-29 00:00:00 |w 2023-05-29 |y EBOOK | ||
| 999 | |c 53980 |d 53980 | ||
